[Event "VI Sunway Sitges Open 2019"]
[Site "Sitges"]
[Date "2019.12.18"]
[Round "6.1"]
[White "Korobov, Anton"]
[Black "Narayanan.S.L"]
[Result "1-0"]
[WhiteElo "2668"]
[BlackElo "2626"]
[Annotator "TA"]
[PlyCount "73"]
[EventDate "2019.12.13"]
[EventType "swiss"]
[EventCountry "ESP"]
[SourceTitle "playchess.com"]
[Source "ChessBase"]
[SourceQuality "1"]

{[%evp 9,73,0,0,0,0,2,1,1,3,6,0,17,18,0,37,45,37,24,27,24,37,34,17,28,21,33,47,42,33,10,64,71,60,75,52,51,68,38,43,51,107,108,113,108,148,155,162,129,283,149,178,152,498,172,942,939,1764,1666,1978,1969,1364,1356,1267,1257,1112,1078]} 1. c4 e5 2. d3 Nf6 3. Nf3 Nc6 4. a3 d5 5. cxd5 Nxd5 6. e4 {A20: English Opening: 1...e5} Nf6 7. Be2 a5 8. O-O {The position is equal.} Bg4 $146 ({Predecessor:} 8... Bc5 9. Be3 Bb6 10. Nbd2 Bxe3 11. fxe3 {½-½ (56) Topalov,V (2740)-Nakamura,H (2761) Abidjan 2019}) 9. Be3 Bxf3 10. Bxf3 Nd4 11. Nd2 Be7 12. Rc1 c6 13. Nc4 Nxf3+ 14. gxf3 Qb8 15. d4 exd4 $1 16. Qxd4 O-O 17. Rfd1 Ra6 18. Qc3 a4 19. Nb6 Bd8 ({Black should try} 19... Bd6 $11) 20. Nd7 $36 {[%mdl 2048] White is really pushing.} Nxd7 21. Rxd7 Bb6 22. Rcd1 Bxe3 23. fxe3 Rb6 24. R1d6 {Threatens to win with e5.} Rb5 (24... Qe8 $1 $14) 25. Qd4 $16 {[#] Strongly threatening f4.} Rg5+ 26. Kf2 {Hoping for Rd8.} Rg6 27. e5 Re6 28. f4 Rxd6 $2 (28... Qc8 $16 {might work better.} 29. Rxe6 fxe6) 29. Qxd6 {[%mdl 4096] Endgame KQR-KQR} ({White must play} 29. exd6 $18 Qc8 30. Rc7) 29... b5 30. f5 Re8 $2 (30... h5 $16 {is more resistant.} 31. Qe7 Kh7) 31. Kf3 $2 (31. e6 f6 32. Rc7) 31... h6 $2 (31... b4) 32. e6 $18 {White is clearly winning.} fxe6 {[#]} 33. f6 $1 gxf6 34. Qd3 f5 35. Qc3 {[%csl Gd7][%cal Rc3g7]} e5 36. Qxc6 {Qg6+ would kill now.} Qa8 37. Rb7 {Accuracy: White = 66%, Black = 39%.} 1-0

[Event "VI Sunway Sitges Open 2019"]
[Site "Sitges"]
[Date "2019.12.18"]
[Round "6.2"]
[White "Santos Latasa, Jaime"]
[Black "Nasuta, Grzegorz"]
[Result "1/2-1/2"]
[WhiteElo "2585"]
[BlackElo "2545"]
[Annotator "ChessBase"]
[PlyCount "60"]
[EventDate "2019.12.13"]
[EventType "swiss"]
[EventCountry "ESP"]
[SourceTitle "playchess.com"]
[Source "ChessBase"]
[SourceQuality "1"]
[TimeControl "40/5400+30:1800+30"]

1. e4 {[%emt 0:00:00]} e5 {[%emt 0:00:00]} 2. Nf3 {[%emt 0:00:00]} Nc6 {[%emt 0:00:00]} 3. Bb5 {[%emt 0:00:00]} a6 {[%emt 0:00:00]} 4. Ba4 {[%emt 0:00:04]} Nf6 {[%emt 0:00:00]} 5. O-O {[%emt 0:00:06]} Be7 {[%emt 0:00:22]} 6. Re1 {[%emt 0:00:06]} b5 {[%emt 0:00:06]} 7. Bb3 {[%emt 0:00:05]} d6 {[%emt 0:00:05]} 8. c3 {[%emt 0:00:05]} O-O {[%emt 0:00:06]} 9. h3 {[%emt 0:00:03]} Nb8 {[%emt 0:00:14]} 10. d3 {[%emt 0:00:15]} Nbd7 {[%emt 0:00:31]} 11. Nbd2 {[%emt 0:00:08]} Bb7 {[%emt 0:01:12]} 12. Nf1 {[%emt 0:01:17]} Nc5 {[%emt 0:02:24]} 13. Bc2 {[%emt 0:00:17]} Re8 {[%emt 0:00:15]} 14. Ng3 {[%emt 0:00:07]} Bf8 {[%emt 0:08:54]} 15. b4 {[%emt 0:01:43]} Ncd7 {[%emt 0:00:32]} 16. a4 {[%emt 0:00:08]} c5 {[%emt 0:05:57]} 17. bxc5 {[%emt 0:00:59]} Nxc5 {[%emt 0:00:05]} 18. axb5 {[%emt 0:01:57]} axb5 {[%emt 0:00:51]} 19. Rb1 {[%emt 0:00:09]} Bc6 {[%emt 0:03:23]} 20. d4 {[%emt 0:05:44]} exd4 {[%emt 0:02:54]} 21. Nxd4 {[%emt 0:00:52]} Bxe4 {[%emt 0:00:07]} 22. Nxe4 {[%emt 0:00:06]} Ncxe4 {[%emt 0:00:12]} 23. Nxb5 {[%emt 0:00:07]} d5 {[%emt 0:02:15]} 24. Be3 {[%emt 0:01:07]} Rc8 {[%emt 0:08:26]} 25. Bd4 {[%emt 0:01:52]} Bc5 {[%emt 0:05:37]} 26. Bxe4 {[%emt 0:01:23]} Rxe4 {[%emt 0:16:29]} 27. Rxe4 {[%emt 0:01:13]} Nxe4 {[%emt 0:00:16]} 28. f3 {[%emt 0:01:30]} Bxd4+ {[%emt 0:01:26]} 29. Qxd4 {[%emt 0:01:12]} Nf6 {[%emt 0:02:26]} 30. Qd3 {[%emt 0:00:59]} Rb8 {[%emt 0:02:10]} 1/2-1/2

[Event "VI Sunway Sitges Open 2019"]
[Site "Sitges"]
[Date "2019.12.18"]
[Round "6.3"]
[White "Li, Di"]
[Black "Puranik, Abhimanyu"]
[Result "1/2-1/2"]
[WhiteElo "2543"]
[BlackElo "2580"]
[Annotator "ChessBase"]
[PlyCount "99"]
[EventDate "2019.12.13"]
[EventType "swiss"]
[EventCountry "ESP"]
[SourceTitle "playchess.com"]
[Source "ChessBase"]
[SourceQuality "1"]
[TimeControl "40/5400+30:1800+30"]

1. Nf3 {[%emt 0:00:00]} Nf6 {[%emt 0:00:00]} 2. d4 {[%emt 0:00:04]} g6 {[%emt 0:00:00]} 3. c4 {[%emt 0:00:00]} Bg7 {[%emt 0:00:00]} 4. e3 {[%emt 0:00:14]} O-O {[%emt 0:00:38]} 5. Be2 {[%emt 0:00:08]} c5 {[%emt 0:00:47]} 6. d5 {[%emt 0:01:22]} d6 7. Nc3 {[%emt 0:00:00]} e6 {[%emt 0:01:27]} 8. O-O {[%emt 0:00:34]} exd5 {[%emt 0:00:21]} 9. cxd5 {[%emt 0:00:11]} Re8 {[%emt 0:01:30]} 10. Nd2 {[%emt 0:03:00]} Na6 {[%emt 0:05:19]} 11. Re1 {[%emt 0:01:43]} Rb8 {[%emt 0:08:43]} 12. e4 {[%emt 0:07:40]} Bd7 {[%emt 0:01:28]} 13. a4 {[%emt 0:04:19]} Nb4 {[%emt 0:00:00]} 14. Ra3 {[%emt 0:08:39]} b6 {[%emt 0:14:37]} 15. h3 {[%emt 0:05:17]} a6 {[%emt 0:02:05]} 16. Bf1 {[%emt 0:01:12]} b5 {[%emt 0:00:00]} 17. axb5 {[%emt 0:06:40]} axb5 {[%emt 0:00:00]} 18. Nf3 {[%emt 0:01:53]} Qb6 {[%emt 0:10:19]} 19. Bf4 {[%emt 0:05:42]} c4 {[%emt 0:09:52]} 20. Be3 {[%emt 0:00:55]} Qd8 {[%emt 0:05:31]} 21. Bd4 {[%emt 0:23:24]} Nd3 {[%emt 0:00:40]} 22. Bxd3 {[%emt 0:00:08]} b4 {[%emt 0:00:44]} 23. Bxc4 {[%emt 0:00:43]} bxa3 {[%emt 0:00:06]} 24. bxa3 {[%emt 0:04:45]} Qc7 {[%emt 0:03:34]} 25. Bf1 {[%emt 0:13:20]} Qa5 {[%emt 0:02:52]} 26. Re3 {[%emt 0:03:35]} Qxa3 {[%emt 0:18:06]} 27. e5 {[%emt 0:00:00]} dxe5 {[%emt 0:00:56]} 28. Bxe5 {[%emt 0:00:00]} Qc5 {[%emt 0:07:09]} 29. Bxb8 {[%emt 0:00:00]} Rxe3 {[%emt 0:00:08]} 30. fxe3 {[%emt 0:00:00]} Qxe3+ {[%emt 0:00:07]} 31. Kh1 {[%emt 0:00:00]} Qxc3 {[%emt 0:00:04]} 32. Be5 {[%emt 0:00:00]} Qc5 {[%emt 0:03:28]} 33. Qa1 {[%emt 0:00:00]} Ne4 {[%emt 0:02:32]} 34. Bxg7 {[%emt 0:00:00]} Ng3+ {[%emt 0:00:02]} 35. Kh2 {[%emt 0:00:00]} Nxf1+ {[%emt 0:00:03]} 36. Qxf1 {[%emt 0:01:10]} Kxg7 {[%emt 0:00:06]} 37. Qa1+ {[%emt 0:00:10]} f6 {[%emt 0:01:11]} 38. Qd4 {[%emt 0:02:17]} Qxd4 {[%emt 0:01:48]} 39. Nxd4 {[%emt 0:00:00]} Kf7 {[%emt 0:00:25]} 40. d6 {[%emt 0:00:00]} Ba4 {[%emt 0:00:00]} 41. h4 {[%emt 0:01:16]} Bd1 {[%emt 0:02:46]} 42. Kg3 {[%emt 0:01:59]} Ke8 {[%emt 0:00:49]} 43. Ne6 {[%emt 0:00:35]} Kd7 {[%emt 0:00:28]} 44. Nf8+ {[%emt 0:00:16]} Kxd6 {[%emt 0:00:06]} 45. Nxh7 {[%emt 0:01:21]} Ke7 {[%emt 0:00:03]} 46. Kf4 {[%emt 0:00:12]} Kf7 {[%emt 0:00:37]} 47. g4 {[%emt 0:00:28]} Kg7 {[%emt 0:00:30]} 48. Ng5 {[%emt 0:00:09]} fxg5+ {[%emt 0:00:04]} 49. Kxg5 {[%emt 0:00:08]} Be2 {[%emt 0:00:09]} 50. h5 {[%emt 0:00:09]} 1/2-1/2

[Event "VI Sunway Sitges Open 2019"]
[Site "Sitges"]
[Date "2019.12.18"]
[Round "6.4"]
[White "Ivanchuk, Vassily"]
[Black "Praggnanandhaa R"]
[Result "1-0"]
[WhiteElo "2690"]
[BlackElo "2586"]
[Annotator "TA"]
[PlyCount "63"]
[EventDate "2019.12.13"]
[EventType "swiss"]
[EventCountry "ESP"]
[SourceTitle "playchess.com"]
[Source "ChessBase"]
[SourceQuality "1"]

{[%evp 20,63,14,19,26,22,20,10,10,18,22,13,8,15,27,17,54,39,50,8,46,46,58,42,131,153,485,498,756,737,788,693,803,802,794,787,1502,1510,29995,29996,29996,29997,29997,5477,29998,29999]} 1. e4 c5 2. Nf3 Nc6 3. Nc3 d6 4. d4 cxd4 5. Nxd4 Nf6 6. Bc4 Qb6 7. Ndb5 a6 8. Be3 Qa5 9. Nd4 e6 10. O-O Be7 11. Bb3 (11. Nb3 {is interesting.} Qc7 12. f4 b5 13. Bd3 Bb7 14. a3) 11... Nxd4 {B57: Classical Sicilian: Sozin with 6...Qb6} (11... O-O 12. f4 Bd7 13. f5 Nxd4 14. Bxd4 exf5 15. exf5 Bc6 16. Qe1 Rae8 17. Qg3 Nh5 18. Qf2 Bf6 19. Bb6 Qb4 20. Nd5 Bxd5 21. Bxd5 Nf4 22. c3 Qb5 23. Qxf4 Qxb6+ 24. Qf2 Qb5 25. Bf3 Qxf5 26. Bxb7 Qb5 {½-½ (26) Macieja,B (2613)-Khalifman,A (2669) Drammen 2004}) 12. Bxd4 O-O $146 ({Predecessor:} 12... Bd7 13. f4 Bc6 14. f5 e5 15. Be3 h5 16. Qf3 Ng4 17. Kh1 Nxe3 18. Qxe3 {½-½ (36) Voitsekhovsky,S (2540)-Akhmadeev,V (2445) Kstovo 1998}) 13. Qd3 b5 {The position is equal.} 14. a3 Bb7 15. f4 Rac8 16. Kh1 Qd8 17. Rae1 Re8 18. Re2 Bf8 19. Qh3 d5 {[%cal Rd5e4]} (19... a5 $5 {[%cal Rb5b4]}) 20. e5 $36 {[%mdl 2048] White has good play.} Ne4 21. f5 Nc5 (21... Nxc3 $1 $14 22. Bxc3 Qb6) 22. f6 $16 Nxb3 $2 {[#]} (22... g6 $16 {is a better chance.}) 23. cxb3 $18 a5 (23... b4 $142 24. fxg7 Bxg7) 24. Re3 b4 25. fxg7 Bxg7 {[#]} 26. Rg3 $1 {[%mdl 512] Qh6 would kill now.} Re7 27. Rf4 bxc3 28. Qh6 {[%csl Gg3][%cal Rh6g7]} Qf8 29. Rh4 {[%csl Gh4][%cal Rh6h7]} f5 30. Qxh7+ Kf7 31. Qg6+ Kg8 32. Rgh3 {Accuracy: White = 73%, Black = 32%.} 1-0

[Event "VI Sunway Sitges Open 2019"]
[Site "Sitges"]
[Date "2019.12.18"]
[Round "6.5"]
[White "Sasikiran, Krishnan"]
[Black "Peralta, Fernando"]
[Result "1/2-1/2"]
[WhiteElo "2656"]
[BlackElo "2577"]
[Annotator "TA"]
[PlyCount "66"]
[EventDate "2019.12.13"]
[EventType "swiss"]
[EventCountry "ESP"]
[SourceTitle "playchess.com"]
[Source "ChessBase"]
[SourceQuality "1"]

{[%evp 17,66,8,20,0,13,0,0,0,6,-18,-16,-3,-10,-14,-17,-8,-10,-9,0,-18,0,0,-6,-7,-15,-8,-8,-11,0,0,0,0,26,25,33,-12,0,-33,-22,-59,-74,-69,-53,-70,-53,-205,0,-75,0,-222,0]} 1. e4 e6 2. d4 d5 3. Nc3 Nf6 4. e5 Nfd7 5. f4 c5 6. Nf3 Nc6 7. Be3 cxd4 8. Nxd4 Bc5 9. Qd2 a6 10. Nce2 {C11: French: Classical System: 4 e5 and 4 Bg5 dxe4} Qe7 11. c3 $146 ({Predecessor:} 11. O-O-O f6 12. Nxc6 bxc6 13. Nd4 Bxd4 14. Bxd4 fxe5 15. fxe5 c5 16. Be3 O-O 17. Bg5 Qe8 {0-1 (33) Svidler,P (2688)-Short,N (2663) Dubai 2002}) 11... f6 12. Nxc6 {The position is equal.} bxc6 13. Nd4 (13. Bxc5 {with more complications.} Nxc5 14. exf6 Qxf6 15. Qe3 Nd7 16. Nd4) 13... fxe5 14. Nxc6 Bxe3 15. Qxe3 exf4 16. Qxf4 Qc5 17. Nb4 e5 18. Qd2 Nf6 19. O-O-O {[%cal Rb4d5]} Bb7 $1 20. Qg5 Qc7 {With the idea ...0-0.} 21. Re1 e4 22. Qg3 Qe7 $36 {[%mdl 2048] Black is more active.} 23. Nc2 O-O 24. Be2 Bc8 25. Rhf1 Bd7 26. h4 a5 27. Rf4 Rab8 28. Ref1 Rb6 $1 29. R4f2 Rc8 30. Rf4 Ba4 {White must now prevent ...Bxc2.} 31. Nd4 $2 {[#]} (31. Bg4 $1 $15 Re8 32. Nd4) 31... Bd7 (31... Kh8 $1 $19 32. Kb1 Qb7) 32. Nc2 $1 $17 Ba4 (32... h6 $17) 33. Nd4 $19 {[#]} Bd7 $2 {Accuracy: White = 55%, Black = 54%.} (33... Kh8 $1 $19 34. Kb1 Qb7) 1/2-1/2

[Event "VI Sunway Sitges Open 2019"]
[Site "Sitges"]
[Date "2019.12.18"]
[Round "6.6"]
[White "Wagner, Dennis"]
[Black "Lagarde, Maxime"]
[Result "1-0"]
[WhiteElo "2578"]
[BlackElo "2655"]
[Annotator "TA"]
[PlyCount "195"]
[EventDate "2019.12.13"]
[EventType "swiss"]
[EventCountry "ESP"]
[SourceTitle "playchess.com"]
[Source "ChessBase"]
[SourceQuality "1"]

{[%evp 9,195,0,5,0,0,7,33,20,33,14,16,0,0,14,21,27,67,55,55,33,40,29,60,68,65,62,67,58,58,53,152,165,156,146,153,157,153,157,152,143,247,241,288,286,319,282,307,323,284,288,297,229,235,227,224,228,221,237,222,203,197,216,211,210,216,200,210,201,187,171,154,127,103,49,69,78,82,69,69,74,74,75,128,133,126,121,125,118,122,67,100,116,139,69,69,10,10,8,8,8,11,11,11,11,11,11,11,11,11,11,11,11,11,11,11,11,11,11,11,11,47,47,47,47,54,18,18,18,18,18,18,18,18,18,47,47,47,18,18,18,47,47,54,18,18,18,18,11,11,11,47,47,47,47,47,47,55,47,47,11,11,11,18,18,18,18,18,11,11,11,11,11,11,0,11,11,12,12,29976,29976,29988,29989,29989,29990,29990,29990,29990,29991]} 1. Nf3 c5 2. c4 Nc6 3. Nc3 e5 4. e3 Nf6 5. d4 e4 6. d5 {A34: Symmetrical English: 2 Nc3, lines with ...d5} exf3 7. dxc6 bxc6 8. e4 $146 {White is slightly better.} (8. Qxf3 Bd6 9. g4 O-O 10. Bd3 Qe7 11. Bd2 g6 12. Qe2 Be5 13. f4 Bxc3 14. Bxc3 {½-½ (29) Jones,G (2702)-Grandelius,N (2688) Malmo 2019}) 8... Qc7 9. Qxf3 Bd6 10. Bd2 Be5 11. h3 Rb8 12. b3 h5 13. Bd3 h4 14. O-O-O Nh5 15. Na4 Nf4 16. Nxc5 Qd6 17. Be3 Ne6 18. Bc2 $1 Nd4 $1 19. Rxd4 $1 Qxc5 (19... Bxd4 $14 20. Rd1 Bxe3+ 21. Qxe3 Qh6) 20. Rhd1 $16 a5 21. Kb1 $1 $36 {[%mdl 2048] Strongly threatening Rxd7. Black is under strong pressure.} Qe7 22. Bf4 a4 23. Bxe5 Qxe5 24. Qf5 $1 {[%cal Rf5e5]} Qe7 (24... Rh5 $16 25. Qxe5+ Rxe5) 25. Rd6 $18 axb3 26. axb3 Ra8 27. e5 Rh6 28. Rxh6 gxh6 29. Rd6 Qg5 30. Qxg5 hxg5 {[%mdl 4096] Endgame KRB-KRB} 31. Rh6 Ke7 32. Rh5 f6 33. exf6+ Kxf6 {[#]} 34. f4 $1 {[%mdl 512]} gxf4 35. Rf5+ ({Don't take} 35. Rxh4 $6 Ke5) 35... Ke7 36. Rxf4 d5 37. cxd5 cxd5 38. Rxh4 {And now Rh8 would win.} Be6 39. Kb2 Rf8 40. Rh7+ Kd6 41. Rg7 ({White should play} 41. g4 $16) 41... Rf2 {White must now prevent ...Bf5.} 42. Kc1 d4 43. h4 Rf1+ 44. Kd2 Rh1 45. Rg6 {Bf5 is the strong threat.} Ke5 (45... Ke7 $142) 46. Rg5+ $16 Kf6 47. Rh5 $1 Rg1 48. Be4 $1 {Threatens to win with b4.} Bxb3 49. Bf3 (49. Rc5 $16) 49... Bc4 50. Rc5 Bf1 51. Rc1 (51. Rc6+ $16 Ke5 52. Rc1) 51... Rh1 $14 52. Rc6+ (52. g3 $1 $14 Rh2+ 53. Ke1) 52... Ke5 $11 53. h5 {White wants to play Rc1.} Rh2 54. Rg6 Kf5 55. Bg4+ Ke5 56. Bh3 Bxg2 57. Bxg2 Rxh5 {KRB-KR} 58. Kd3 Rh2 59. Rg5+ Kf4 60. Rg8 Ke5 61. Re8+ Kd6 62. Be4 Kd7 63. Ra8 Ke7 64. Ra6 Rb2 65. Kxd4 Rd2+ 66. Ke5 Rd7 67. Rh6 Kd8 68. Bc6 Re7+ 69. Kd6 Rd7+ $1 70. Kc5 Rg7 71. Re6 Re7 72. Rd6+ Kc7 73. Rd2 Rg7 74. Be4 Rd7 75. Ra2 Kd8 76. Bc6 Rg7 77. Re2 Kc7 78. Re6 Rg5+ 79. Bd5 Rg7 80. Ra6 {Intending Ra7+ and mate.} Rd7 81. Be6 {White wants to mate with Ra7+.} Re7 82. Kd5 Kd8 83. Ra8+ (83. Ke5 {feels hotter.} Rb7 84. Rc6 Ke7 85. Bd5 Rb2 86. Rc7+) 83... Kc7 84. Ke5 Kc6 85. Ra1 Kc5 86. Rc1+ Kb4 87. Kd6 Rh7 88. Rc4+ (88. Kc6 {is more complex.} Rh6 89. Rc4+ Ka5 90. Rc5+ Kb4 91. Re5) 88... Kb5 89. Rg4 Rh6 90. Rf4 Ka5 91. Rg4 Kb5 92. Re4 Ka5 93. Kc5 {White threatens Re1 and mate.} Rh2 $2 {[%mdl 8192] [#]} (93... Rh7 $11) 94. Bb3 $1 {[%csl Gb3][%cal Re4a4] White mates.} Ka6 {[#]} 95. Re7 $1 Rh5+ 96. Bd5 Rg5 97. Re1 {[%cal Re1a1]} Ka7 98. Re8 {Accuracy: White = 69%, Black = 67%.} 1-0

[Event "VI Sunway Sitges Open 2019"]
[Site "Sitges"]
[Date "2019.12.18"]
[Round "6.7"]
[White "Gukesh D"]
[Black "Kovalenko, Igor"]
[Result "0-1"]
[WhiteElo "2547"]
[BlackElo "2647"]
[Annotator "TA"]
[PlyCount "116"]
[EventDate "2019.12.13"]
[EventType "swiss"]
[EventCountry "ESP"]
[SourceTitle "playchess.com"]
[Source "ChessBase"]
[SourceQuality "1"]

{[%evp 9,116,0,15,-58,-53,-60,-57,-55,-52,-41,-43,-61,-25,-39,-14,-13,-12,-62,-44,-57,-37,-48,0,0,0,0,0,0,0,0,0,0,0,0,0,0,0,0,0,0,0,0,0,0,0,0,0,0,0,-20,0,0,0,0,0,0,0,-20,-31,-83,-32,-33,-35,-40,-27,-45,-35,-56,-66,-81,-80,-110,-86,-303,-277,-503,-505,-848,-477,-885,-757,-500,-745,-790,-757,-773,-780,-774,-779,-773,-770,-745,-721,-704,-664,-958,-958,-1128,-1107,-971,-1208,-1233,-1233,-1042,-984,-4610,-4610,-3532,-2756]} 1. c4 b6 2. Nc3 Bb7 3. e4 e6 4. g3 f5 5. Bg2 Nf6 {[%cal Rf5e4]} 6. Nge2 {A10: English Opening: Unusual Replies for Black} (6. d3 $11) 6... Nxe4 $15 7. Nxe4 Bxe4 8. Bxe4 {Black is slightly better.} fxe4 9. Nc3 Qf6 10. O-O $146 ({Predecessor:} 10. Qg4 Nc6 11. O-O Be7 12. Qxe4 O-O {0-1 (40) Gomez Esteban,J (2495)-Speelman,J (2625) Pamplona 1996}) 10... Nc6 {[%cal Bb8c6,Bc6e5,Be5d3][%mdl 32]} 11. Nxe4 Qf5 12. d3 Be7 13. Bg5 {[%mdl 64] Decoy} Bxg5 14. Qh5+ {[%mdl 64] Double Attack} g6 15. Qxg5 Ne5 16. Nf6+ Kf7 17. f4 {Black must now prevent Qxf5.} Nxd3 18. Nxd7 Qxg5 19. fxg5+ Ke7 20. b3 Kxd7 21. Rad1 Ke7 {...Rhd8 is the strong threat.} 22. Rxd3 $11 {[%mdl 4096] Endgame KRR-KRR} Rhf8 23. Re1 Rad8 24. Rde3 Rd6 25. Re4 Rf7 26. R1e2 Kd7 27. Kg2 Re7 28. Re5 Rd1 29. R5e4 Kd6 30. Re5 Rd4 31. Kf2 a6 32. Kg2 c5 33. h4 b5 34. R5e3 (34. R2e4 $15) 34... bxc4 (34... e5 $17) 35. bxc4 $15 Rxc4 36. Ra3 Kd5 37. Rxa6 e5 38. a4 e4 39. a5 Ra4 40. Ra8 {[#]} Kd4 $1 {[%cal Rd4d3] Threatens to win with ...Kd3.} 41. a6 $2 (41. Rd8+ $17 {was necessary.} Kc3 42. Re3+ Kb4 43. Re1) 41... Kd3 $19 42. Rb2 $2 (42. Re1 {was the only defense.} e3 43. Rb1) 42... e3 {Black is clearly winning.} 43. Rb7 (43. Rd8+ $142 Kc3 44. Rb1) 43... Re5 44. a7 (44. Rb1 $142 c4 45. Rd1+ Kc2 46. Rh1) 44... Kc2 {aiming for ...e2.} 45. Rab8 e2 46. Rb2+ Kc3 47. R2b3+ Kd4 48. Rd8+ {[#]} Kc4 $1 {[%mdl 512]} 49. Rb1 Rxa7 50. Rc1+ Kb5 51. Rb8+ Kc6 52. Re1 c4 53. Rb2 Rae7 54. Rc2 Kc5 55. Kf2 Kd4 56. Rd2+ {[#]} Kc3 $1 {[%cal Rc3d2]} 57. Ra2 Rf7+ 58. Kg2 Kd3 {Accuracy: White = 32%, Black = 76%.} 0-1

[Event "VI Sunway Sitges Open 2019"]
[Site "Sitges"]
[Date "2019.12.18"]
[Round "6.8"]
[White "Shevchenko, Kirill"]
[Black "Donchenko, Alexander"]
[Result "1/2-1/2"]
[WhiteElo "2547"]
[BlackElo "2644"]
[Annotator "TA"]
[PlyCount "73"]
[EventDate "2019.12.13"]
[EventType "swiss"]
[EventCountry "ESP"]
[SourceTitle "playchess.com"]
[Source "ChessBase"]
[SourceQuality "1"]

{[%evp 14,73,8,0,0,-6,9,0,0,0,0,0,14,11,46,0,0,0,0,0,0,0,0,0,0,0,0,0,0,0,0,0,42,42,42,42,42,40,41,41,46,45,112,36,33,37,46,39,50,51,44,15,23,21,13,12,19,19,19,0,0,0]} 1. e4 c6 2. d4 d5 3. e5 Bf5 4. h4 h5 5. c4 e6 6. Nc3 dxc4 7. Bxc4 Nd7 8. Nge2 Be7 {B12: Caro-Kann: Advance Variation} 9. Be3 $146 ({Predecessor:} 9. Ng3 Bg6 10. Nge4 Nh6 11. Bxh6 Rxh6 12. Qe2 Nb6 13. O-O-O Bxe4 14. Nxe4 Nxc4 15. Qxc4 Qd5 16. Qxd5 cxd5 {½-½ (58) Istratescu,A (2648)-Khotenashvili,B (2492) Dubai 2013}) 9... Nh6 10. Ng3 {aiming for Bxh6.} Bg6 11. Nxh5 Nf5 12. Nf4 Nxe3 13. fxe3 Rxh4 14. Rxh4 (14. Kf2 $5 {[%cal Rf4g6]} Bf5 15. Rxh4 Bxh4+ 16. g3 $14) 14... Bxh4+ 15. Kf1 Qg5 16. Nxg6 Qxg6 17. Bd3 Qh6 18. Qf3 Be7 19. Ke2 f6 20. exf6 gxf6 21. g4 Qh2+ 22. Qf2 Qxf2+ (22... Qh3 {keeps more tension.} 23. Qf3 Qh2+) 23. Kxf2 O-O-O 24. Rh1 Rg8 25. Kf3 Rg7 26. Ne2 Nf8 27. Rh6 c5 ({Better is} 27... Kd7 $14) 28. Nf4 ({White should try} 28. dxc5 $16 Nd7 29. Rh8+ Kc7 30. Nf4 Ne5+ 31. Ke2) 28... cxd4 $14 29. exd4 Kc7 30. Be4 b6 31. d5 Kd6 32. Rh5 {[#] And now dxe6 would win.} (32. Rh1 {feels hotter.} f5 33. gxf5 exf5 34. Bxf5 Bg5 35. Ne6) 32... Rg5 33. dxe6 Nxe6 {The position is equal.} 34. Nxe6 Rxh5 35. gxh5 Kxe6 36. Kg4 Bf8 37. Bf5+ {Accuracy: White = 61%, Black = 71%.} 1/2-1/2